| 000 | 00539nam a22001937a 4500 | ||
|---|---|---|---|
| 003 | OSt | ||
| 005 | 20160225140315.0 | ||
| 008 | 160225b xxu||||| |||| 00| 0 eng d | ||
| 020 | _a0130618551 | ||
| 040 | _cDDC. | ||
| 082 | _a658.11BAL 2005. | ||
| 100 |
_aBarringer,Bruce R; _96830 |
||
| 245 |
_aEntrepreneurship. _bSuccessfully Launching New Ventures. |
||
| 260 |
_aNew Jersey. _bPrentice Hall. _c2005. |
||
| 300 |
_a482p; _bill; _c30cm. |
||
| 504 | _aincludes notes and index. | ||
| 650 |
_aEntrepreneurship. _96831 |
||
| 942 |
_2ddc _cSLOAN |
||
| 999 |
_c3076 _d3076 |
||